000
00197nam a22000977a 4500
100
_a
Brown, Dan
245
_a
The Dan Vinci Code
250
_a
2009
260
_b
Random Group House
942
_2
ddc
_c
BK
999
_c
11946
_d
11946